000 00454nam a22001697a 4500
005 20240902111051.0
008 240902b |||||||| |||| 00| 0 eng d
020 _a978-21-318-0859-7
041 _aeng
082 _a540
100 _aVERMA,DR.N.K & KHANNA, S.K. AND KAPILA, DR.B.
_98494
245 _aCOMPREHENSIVE CHEMISTRY FOR CLASS XII
260 _aBENGALURU
_bLAXMI PUBLICATION P. LTD.
300 _aA.72;P
650 _aBMLT
_98487
942 _cBK
999 _c8626
_d8624